History Quiz

Random History or Country Quiz

World Population 1900 Quiz Stats

 Plays Quiz Updated Oct 16, 2018

Score 0/30 Timer 06:00
22 Plays Today
Rank Country/Empire % Correct
1China
98.6%
2British Empire
97.9%
4U.S. and Colonies
97.8%
3Russian Empire
95.5%
5France and Colonies
94.1%
6German Empire
93.5%
13Spain
90.5%
8Japan
89%
14Mexico
87%
12Brazil
86.7%
9Italy and Colonies
86.3%
10Ottoman Empire
81.6%
15Portugal and Colonies
79.5%
25Argentine Republic
75.8%
11Netherlands and Colonies
66.7%
Rank Country/Empire % Correct
18Persia
65.1%
27Chile
60%
21Belgium
55.5%
28Peru
55.2%
16Korea
54.1%
24Colombia
54.1%
22Siam
45.9%
7Austro-Hungarian Empire
44.6%
29Switzerland
37.2%
30Bolivia
36.9%
23Roumania
27.9%
26Afghanistan
25.9%
17Congo State
25.5%
20Morocco
24.3%
19Kalmar Union
9.6%

You're not logged in!

Compare scores with friends on all Sporcle quizzes.
OR
Log In

You Might Also Like...

Show Comments

Extras

Top Quizzes Today


Score Distribution

Your Account Isn't Verified!

In order to create a playlist on Sporcle, you need to verify the email address you used during registration. Go to your Sporcle Settings to finish the process.

Report this User

Report this user for behavior that violates our Community Guidelines.

Details: